| 000 | 00491nam a2200169 4500 | ||
|---|---|---|---|
| 999 |
_c10031 _d10031 |
||
| 020 | _a0070553173 | ||
| 020 | _a978-0070553170 | ||
| 082 | _aSCH | ||
| 100 | _aSchilling, Terrence G. | ||
| 245 | _aIntelligent Drawings: managing CAD and Information Systems in the Design Office | ||
| 260 |
_aNew York: _bMcGraw-Hill, _c1987. |
||
| 300 | _a248p. ; | ||
| 650 | _aEngineering design--Data processing. | ||
| 650 | _aComputer-aided design. | ||
| 700 | _aSchilling, Patricia M. | ||
| 942 | _cBK | ||